000 00493nam a2200205Ia 4500
003 OSt
005 20260221094632.0
008 210210b1986 xxu||||| |||| 00| 0 eng d
040 _cAL
041 _aeng
082 _a820.33 DANC
100 _aShouri Daniels
_9256226
245 _aCity of children
260 _aNew Delhi
_bChanakya Publications
_c1986
300 _a185p
650 _aStories
_9256227
690 _aIndian English Fiction
_9256228
906 _a039284
942 _2ddc
_cBK
999 _c89564
_d89564